Slovenka - Zdravie rodiny

Podrobná bibliografia
Ďalší autori: Okálová, Alexandra (Šéfredaktor, zodpovedný redaktor), Kubranská, Alena (Šéfredaktor, zodpovedný redaktor)
Médium: Časopis
Jazyk:slovenčina
Fyzický popis:zv. 28 cm
Vydavateľské údaje: Bratislava STAR production, s.r.o. 2014-
ISSN:1339-7672
Predmet:

MARC

LEADER 00000cas a2200000 a 4500
001 vtls010618660
003 SK-MaSNL
005 20260228163630.0
008 140909c20149999xo mr p 001 b0slo
022 |a 1339-7672 
040 |a SVKPO  |b slo  |c SVKPO  |d SVKBB  |d SNK  |e AACR2 
041 0 |a slo 
044 |a xo  |c SK 
072 7 |a 613  |x Hygiena. Ľudské zdravie  |2 konspekt 
080 |a 613/614  |2 2011 
080 |a 613:304.3  |2 2011 
080 |a 050  |2 2011 
080 |a 316.36(051)  |2 2011 
210 0 |a Slov. - Zdr. rod. 
222 0 |a Slovenka - Zdravie rodiny 
245 0 0 |a Slovenka - Zdravie rodiny 
246 1 3 |a Zdravie rodiny - Slovenka 
260 |a Bratislava  |b STAR production, s.r.o.  |c 2014- 
300 |a zv.  |c 28 cm 
310 |a 1x mesačne  |b 2015- 
321 |a 6x ročne  |b 2014 
362 0 |a Roč. 1 (sept./okt. 2014) - 
500 |a Šéfredaktorka: sept./2014-jan./2016, Alexandra Okálová ; 2/2016- , Alena Kubranská 
500 |a Evidenčné č.: EV - 5034/14 
500 |a Do č. sept./2015 uvedený chybný roč. I. ; r. 2017, 2018, 2019, 2020, 2021 majú chybne uvedené ročníky 
515 |a Niektoré čísla vychádzajú ako dvojčíslo 
650 0 7 |a zdravie  |2 SNKPH  |9 16322 
650 0 7 |a zdravý životný štýl  |2 SNKPH  |9 68571 
655 7 |a časopisy pre rodinu  |2 SNKPH  |9 50312 
700 1 |a Okálová, Alexandra  |4 pbd  |9 274419 
700 1 |a Kubranská, Alena  |4 pbd  |9 274420 
910 |a snk 
910 |a svkpo 
910 |a svkbb 
916 |a 2014-2019, 2020-2023 
999 |c 10065  |d 11995 
952 |t č. 1-12, neúplné  |a SNK  |b SNK  |y PREZ  |7 0  |p 17A1524461  |o snkČSB 6539/3[7]/2020 D1  |i snk2024/14697  |8 0  |z Chýba č. 10, 11  |0 0  |1 0  |4 0  |d 2024-09-24  |l 0  |r 2026-02-21 19:49:42  |w 2026-02-21 
952 |t č. 1-12  |a SNK  |b SNK  |y PREZ  |7 0  |p 17A1524462  |o snkČSB 6539/7[8]/2021 D1  |i snk2024/14701  |8 0  |0 0  |1 0  |4 0  |d 2024-09-24  |l 0  |r 2026-02-21 19:49:43  |w 2026-02-21 
952 |t č. 1-12  |a SNK  |b SNK  |y PREZ  |7 0  |p 17A1524463  |o snkČSB 6539/8/2022  |i snk2024/14705  |8 0  |0 0  |1 0  |4 0  |d 2024-09-24  |l 0  |r 2026-02-21 19:50:37  |w 2026-02-21 
952 |t č. 1-12  |a SNK  |b SNK  |y PREZ  |7 0  |p 17A1524464  |o snkČSB 6539/9/2023  |i snk2024/14706  |8 0  |0 0  |1 0  |4 0  |d 2024-09-24  |l 0  |r 2026-02-21 19:50:37  |w 2026-02-21 
952 |t č. 1-12  |a SNK  |b SNK  |y PREZ  |7 0  |p 17A1556796  |o snkČSB 6539/8/2022 D1  |i snk2025/9987  |8 0  |0 0  |1 0  |4 0  |d 2025-06-24  |l 0  |r 2026-02-21 20:00:13  |w 2026-02-21 
952 |t č. 1-12  |a SNK  |b SNK  |y PREZ  |7 0  |p 17A1556797  |o snkČSB 6539/9/2023 D1  |i snk2025/9992  |8 0  |0 0  |1 0  |4 0  |d 2025-06-24  |l 0  |r 2026-02-21 20:00:13  |w 2026-02-21 
952 |t č. 1-12, neúplné  |a SNK  |b SNK  |y PREZ  |7 0  |p 17A1462915  |o snkČSB 6539/3[7]/2020  |i snk2022/6070  |8 0  |z Chýba č. 10-11  |0 0  |1 0  |4 0  |d 2022-04-25  |l 0  |r 2026-02-21 20:12:19  |w 2026-02-21 
952 |t č. 1-12  |a SNK  |b SNK  |y PREZ  |7 0  |p 17A1462916  |o snkČSB 6539/7[8]/2021  |i snk2022/6071  |8 0  |0 0  |1 0  |4 0  |d 2022-04-25  |l 0  |r 2026-02-21 20:12:19  |w 2026-02-21 
952 |t č. sept.-dec.  |a SNK  |b SNK  |y PREZ  |7 0  |p 17A1265562  |o snkČSB 6539/1/2014  |i snk2017/24043  |8 0  |f 1  |0 0  |1 0  |4 0  |d 2017-11-02  |l 0  |r 2026-02-21 22:05:08  |w 2026-02-21 
952 |t č. jan.-dec.  |a SNK  |b SNK  |y PREZ  |7 0  |p 17A1265561  |o snkČSB 6539/1[2]/2015  |i snk2017/24044  |8 0  |f 1  |0 0  |1 0  |4 0  |d 2017-11-02  |l 0  |r 2026-02-21 22:05:08  |w 2026-02-21 
952 |t č. jan.-dec. + príl.  |a SNK  |b SNK  |y PREZ  |7 0  |p 17A1265560  |o snkČSB 6539/3/2016  |i snk2017/24051  |8 0  |z Príl.: č. 7-8 - ... a voní zdravím  |f 1  |0 0  |1 0  |4 0  |d 2017-11-02  |l 0  |r 2026-02-21 22:05:08  |w 2026-02-21 
952 |t č. sept.-dec.  |a SNK  |b SNK  |y PREZ  |7 0  |p 17A1265559  |o snkČSB 6539/1/2014 D1  |i snk2017/24053  |8 0  |0 0  |1 0  |4 0  |d 2017-11-02  |l 0  |r 2026-02-21 22:05:08  |w 2026-02-21 
952 |t č. jan.-dec.  |a SNK  |b SNK  |y PREZ  |7 0  |p 17A1265545  |o snkČSB 6539/1[2]/2015 D1  |i snk2017/24055  |8 0  |0 0  |1 0  |4 0  |d 2017-11-02  |l 0  |r 2026-02-21 22:05:08  |w 2026-02-21 
952 |t č. jan.-dec.  |a SNK  |b SNK  |y PREZ  |7 0  |p 17A1265546  |o snkČSB 6539/3/2016 D1  |i snk2017/24056  |8 0  |0 0  |1 0  |4 0  |d 2017-11-02  |l 0  |r 2026-02-21 22:05:08  |w 2026-02-21 
952 |t č. 1-12  |a SNK  |b SNK  |y PREZ  |7 0  |p 17A1367359  |o snkČSB 6539/3[4]/2017  |i snk2019/13797  |8 0  |f 1  |0 0  |1 0  |4 0  |d 2019-05-20  |l 0  |r 2026-02-21 22:07:21  |w 2026-02-21 
952 |t č. 1-12  |a SNK  |b SNK  |y PREZ  |7 0  |p 17A1367360  |o snkČSB 6539/3[4]/2017 D1  |i snk2019/13801  |8 0  |0 0  |1 0  |4 0  |d 2019-05-20  |l 0  |r 2026-02-21 22:07:21  |w 2026-02-21 
952 |t č. 1-12  |a SNK  |b SNK  |y PREZ  |7 0  |p 17A1367361  |o snkČSB 6539/3[5]/2018  |i snk2019/13804  |8 0  |f 1  |0 0  |1 0  |4 0  |d 2019-05-20  |l 0  |r 2026-02-21 22:07:21  |w 2026-02-21 
952 |t č. 1-12  |a SNK  |b SNK  |y PREZ  |7 0  |p 17A1367362  |o snkČSB 6539/3[5]/2018 D1  |i snk2019/13806  |8 0  |0 0  |1 0  |4 0  |d 2019-05-20  |l 0  |r 2026-02-21 22:07:21  |w 2026-02-21 
952 |t č. 1-12  |a SNK  |b SNK  |y PREZ  |7 0  |p 17A1386572  |o snkČSB 6539/3[6]/2019  |i snk2020/3551  |8 0  |f 1  |0 0  |1 0  |4 0  |d 2020-02-14  |l 0  |r 2026-02-21 22:29:40  |w 2026-02-21 
952 |t č. 1-12  |a SNK  |b SNK  |y PREZ  |7 0  |p 17A1386571  |o snkČSB 6539/3[6]/2019 D1  |i snk2020/3554  |8 0  |0 0  |1 0  |4 0  |d 2020-02-14  |l 0  |r 2026-02-21 22:29:40  |w 2026-02-21 
952 |t 1  |a SNK  |b SNK  |y NEVYP  |7 1  |p 17A1560006  |o snkČSB 6539/10/2024  |i snk2026/5165  |h č. 1-12  |8 0  |0 0  |1 0  |2 udc  |4 0  |d 2024-09-24  |l 0  |r 2026-04-13 09:47:10  |w 2026-02-21 
952 |t 1  |a SNK  |b SNK  |y NEVYP  |7 1  |p 17A1560007  |o snkČSB 6539/11/2025  |i snk2026/5166  |h č. 1-12  |8 0  |0 0  |1 0  |2 udc  |4 0  |d 2024-09-24  |l 0  |r 2026-04-13 09:50:47  |w 2026-02-21